000
00326nam a22001457a 4500
008
210604b ||||| |||| 00| 0 eng d
020
_a
0801641772
041
_a
eng
080
_a
61
082
_a
61
100
_a
3
101
_a
SHM
245
_a
Sourcebook of Medical Communication
_c
Robert C. Reeder
942
_2
udc
_c
BK
999
_c
57967
_d
57967